000 00527cam a2200145 4500500
005 20251228082902.0
041 _afre
042 _adc
100 1 0 _aLetrouit, Jean
_eauthor
245 0 0 _aUne lettre inédite de Malebranche à Madame de Maintenon contre Fénelon (Paris, 2 octobre 1697)
260 _c2005.
500 _a28
786 0 _nDix-septième siècle | 227 | 2 | 2005-06-01 | p. 333-348 | 0012-4273
856 4 1 _uhttps://shs.cairn.info/revue-dix-septieme-siecle-2005-2-page-333?lang=fr&redirect-ssocas=7080
999 _c1599989
_d1599989